Luis ARROYO JIMÉNEZ, “Infrastructure planning in Spain – Public participation and legal protection”, Journal for European Environmental & Planning Law, Volume 11, Number 3, 2014, p. 232-248 (notice n° 1645580)

détails MARC
000 -LEADER
fixed length control field 01530cam a2200169 4500500
005 - DATE AND TIME OF LATEST TRANSACTION
control field 20260208001854.0
041 ## - LANGUAGE CODE
Language code of text/sound track or separate title fre
042 ## - AUTHENTICATION CODE
Authentication code dc
100 10 - MAIN ENTRY--PERSONAL NAME
Personal name Emmanouilidou, Lina
Relator term author
245 00 - TITLE STATEMENT
Title Luis ARROYO JIMÉNEZ, “Infrastructure planning in Spain – Public participation and legal protection”, Journal for European Environmental & Planning Law, Volume 11, Number 3, 2014, p. 232-248
260 ## - PUBLICATION, DISTRIBUTION, ETC.
Date of publication, distribution, etc. 2015.<br/>
500 ## - GENERAL NOTE
General note 84
520 ## - SUMMARY, ETC.
Summary, etc. La réforme territoriale qui débute en 2014 n’est pas une réforme portant principalement sur la décentralisation de nouvelles compétences. Elle est d’abord et avant tout une réforme visant l’intégration de l’action publique territoriale, du niveau européen au niveau local, et dont l’environnement est l’un des enjeux, que ce soit dans les espaces ruraux ou les espaces urbains. Elle privilégie cependant à ce propos le niveau régional.
520 ## - SUMMARY, ETC.
Summary, etc. The territorial reform that began in 2014 is not a reform focusing on decentralization new competences. It is first and foremost a reform on the integration of territorial public action, from European to local level, and for which the environment is one of the issues, whether in rural areas or urban spaces. However, it emphasizes in this regard the regional level.
786 0# - DATA SOURCE ENTRY
Note Revue juridique de l’environnement | Volume 40 | 3 | 2015-08-27 | p. 577a-578a | 0397-0299
856 41 - ELECTRONIC LOCATION AND ACCESS
Uniform Resource Identifier <a href="https://droit.cairn.info/revue-juridique-de-l-environnement-2015-3-page-577a?lang=fr&redirect-ssocas=7080">https://droit.cairn.info/revue-juridique-de-l-environnement-2015-3-page-577a?lang=fr&redirect-ssocas=7080</a>

Pas d'exemplaire disponible.

PLUDOC

PLUDOC est la plateforme unique et centralisée de gestion des bibliothèques physiques et numériques de Guinée administré par le CEDUST. Elle est la plus grande base de données de ressources documentaires pour les Étudiants, Enseignants chercheurs et Chercheurs de Guinée.

Adresse

627 919 101/664 919 101

25 boulevard du commerce
Kaloum, Conakry, Guinée

Réseaux sociaux

Powered by Netsen Group @ 2025